00492 2200205 4500001002100000005001500021035002000036245003800056100002500094250000600119300001900125856004500144260002900189082000800218084001400226600001000240990001200250990001200262990001200274INLIS00000000000171520250505090734 a0010-05250000071 aJanji Hati /cNiNengah Sri Swasti0 aNi Nengah Sri Swasti a1 bIlust ;c21 cm aRuang Baca Umum No Klas 800 ( Rak 3,4,5) aJakrta :bAdicita,c2000 a800 a800 NI j 4aFiksi a00.0240 a00.0241 a00.0242